Propuesta de un Sistema de Automatización en el proceso de inspección en materia de higiene y seguridad de trabajo en la Dirección General de Higiene y Seguridad del Trabajo - MITRAB

El presente trabajo consiste en la elaboración de una aplicación para la Inspección de Inspección en materia de Higiene y Seguridad del Trabajo en la Dirección General de Higiene y Seguridad del Trabajo del Ministerio del Trabajo, dirigiendo el estudio hacia la automatización de los Procesos d...

Full description

Bibliographic Details
Main Author: Herrera Somarriba, Mykeling Sofía
Other Authors: Tutor: Boza Castro, Freddy Fernando
Format: Tesis Section = Libro
Language:Undetermined
Spanish
Published: Managua UNI 2022
Subjects:
LEADER 01481nam a2200265Ia 4500
008 240830s9999 xx 000 0 und d
040 |a BIBLIOTECA-RUPAP/ Mon 651.8 H565 
041 |a spa 
082 |a Mon 651.8 H565 
100 1 |a Herrera Somarriba, Mykeling Sofía 
245 1 0 |a Propuesta de un Sistema de Automatización en el proceso de inspección en materia de higiene y seguridad de trabajo en la Dirección General de Higiene y Seguridad del Trabajo - MITRAB 
260 |a Managua  |b UNI  |c 2022 
300 |a 101 p. :il. 
500 |a Contiene: anexos y CD. 
502 |a Tesis (Ingeniero Industrial) - UNI, 2022. 
520 3 |a El presente trabajo consiste en la elaboración de una aplicación para la Inspección de Inspección en materia de Higiene y Seguridad del Trabajo en la Dirección General de Higiene y Seguridad del Trabajo del Ministerio del Trabajo, dirigiendo el estudio hacia la automatización de los Procesos de Inspección y re inspección en materia de Higiene y Seguridad del Trabajo, es decir un cambio de lo manual a lo digital con el objetivo de minimizar los tiempos de las tareas encargadas y de llevar un mejor control de las mismas. 
650 7 |a AUTOMATIZACION DE OFICINA 
650 7 |b  PROCESAMIENTO DE DATOS 
650 7 |c  FLUJOS DE PROCESOS 
650 7 |d  AUTOMATIZACION 
650 7 |e  DESARROLLO DE PROGRAMAS DE APLICACIÓN 
700 1 |a Tutor:  |b Boza Castro, Freddy Fernando 
942 |c BK  |2 ddc 
991 |a Tesis 
999 |c 27650